Patining at iba pang sanaysay / Soliman A. Santos. (Record no. 21343)

000 -LEADER
fixed length control field 00535nam a22001697a 4500
020 ## - INTERNATIONAL STANDARD BOOK NUMBER
ISBN 9786210900224
082 ## - DEWEY DECIMAL CLASSIFICATION NUMBER
Classification number 899.2114
Item number Sa2377 2023
100 ## - MAIN ENTRY--AUTHOR NAME
Personal name Santos, Soliman A., author.
245 ## - TITLE STATEMENT
Title Patining at iba pang sanaysay / Soliman A. Santos.
260 ## - PUBLICATION, DISTRIBUTION, ETC. (IMPRINT)
Place of publication Quezon City :
Name of publisher The University of the Philippines Press,
Year of publication ©2023.
300 ## - PHYSICAL DESCRIPTION
Number of Pages xix, 83 pages ;
Other physical details 23 cm.
490 ## - SERIES STATEMENT
Series statement The Philippine writers series 2023
650 ## - SUBJECT ADDED ENTRY--TOPICAL TERM
Topical Term Filipino essays.
650 ## - SUBJECT ADDED ENTRY--TOPICAL TERM
Topical Term Tagalog essays.
650 ## - SUBJECT ADDED ENTRY--TOPICAL TERM
Topical Term Philippines -- Civilization.
942 ## - ADDED ENTRY ELEMENTS (KOHA)
Koha item type Books
Holdings
Source of acquisition Permanent Location Date acquired Koha item type Collection code Accession Number Lost status Shelving location Withdrawn status Current Location Full call number
SchoolCagayan State University - Carig Library2025-09-04BooksLiterature011183 General Collection Cagayan State University - Carig Library899.2114 Sa2377 2023
SchoolCagayan State University - Carig Library2025-09-04BooksLiterature011184 General Collection Cagayan State University - Carig Library899.2114 Sa2377 2023
SchoolCagayan State University - Carig Library2025-09-04BooksLiterature011185 General Collection Cagayan State University - Carig Library899.2114 Sa2377 2023

Cagayan State University University Library, Carig Campus
Tuguegarao City, Cagayan 3500 | www.csucarig.edu.ph

Powered by Koha